000 00568nam a22001817a 4500
999 _c9048
_d9048
003 AR-CdUCM
008 190327b ||||| |||| 00| 0 spa d
040 _aMUNICIPALIDAD PROVINCIAL DEL CUSCO
_cBIBLIOTECA MUNICIPAL DEL CUSCO
082 _28ed.
_a030 /
_bIG35
100 _aIglesias-Janeiro, J.
_925012
245 _aEnciclopedia utilidad /
260 _aBuenos Aires :
_bKier,
_c1956.
300 _a1146 páginas ;
_bilustraciones ;
_c23 cm.
500 _aTapa desprendida del resto del libro.
650 _aEnciclopedia
_918075
942 _2ddc
_cLIBROS
945 _azta